00771nam a2200229 a 4500008004100000020002200041245009000063260005100153300004600204440004200250500002000292504004300312650002100355650003500376650003400411700002000445700002400465700002500489003000100514005001700515040000900532  a0893352284 (hbk.)10aThe Elite athelete /cedited by Nancy K. Butts, Thomas T. Gushiken and Betram Zarins. aNew York, N.W :bSpectrum Publications,c1985. avii, [6 leaves], 283 p. :bill. ;c24 cm. aSports medicine and health science.  aIncludes index. aIncludes bibliographical references.  1aSports-medicine. aSports- Physiological aspects. aSports- Psycological aspects. aButts, Nancy K. aGushiken, Thomas T. aZarins, Bertram M.D.20230120203951.0 cNUST